| 000 | 00487nam a22001577a 4500 | ||
|---|---|---|---|
| 005 | 20251126104614.0 | ||
| 008 | 251126b |||||||| |||| 00| 0 eng d | ||
| 020 | _a979-8-88715-373-5 | ||
| 100 | _aERICKSON, PHILIP A. | ||
| 245 | _aPOLICE CRIMINOLOGY AND CRIMES | ||
| 260 |
_aDUBLIN _bORYSON PRESS _c2024 |
||
| 300 | _aVI, 2539P. | ||
| 500 | _aINCLUDES INDEX | ||
| 650 | _a1. CRIMINOLOGY 2. CRIME 3. POLICE 4.LAW ENFORCEMENT 5. CRIMINAL JUSTICE, ADMINISTRATION OF | ||
| 942 |
_2lcc _cBK |
||
| 999 |
_c216290 _d216290 |
||